000 00848nam a2200241Ia 4500
003 OSt
005 20220927105724.0
006 a|||||r|||| 00| 0
007 ta
008 220926b |||||||| |||| 00| 0 eng d
024 _a201204
037 _cReference Collections
040 _aRTL
_cRTL
_beng
041 _2eng
_aeng
082 _a"U7.255.P, P0.2/RR"
100 _aMAHAJAN Malati
_9374412
245 0 _aMadhya Pradesh
_b Cultural and historical geography from place names in inscriptions
260 _aDelhi
_bSharada Publishing House
_c2000
490 _a"University of Delhi, Commerce(Deptt. of-), Thesis. Thesis, University of Delhi, Commerce (Deptt. of-"
500 _aBibliography: P 245-53
942 _h"U7.255.P, P0.2/RR"
_cCC
999 _c694110
_d694110